Hodnotenie cenového vývoja vybraných produktových kategórií v maloobchode v podmienkach rastúcej inflácie bakalárska práca

Enregistré dans:
Détails bibliographiques
Auteur principal: Kumpanová, Debora
Collectivité auteur: Obchodná fakulta EU. Katedra marketingu
Autres auteurs: Oreský, Milan, 1956-
Format: Livre
Langue:slovaque
Publié: Bratislava 2025
Tags: Ajouter un tag
Pas de tags, Soyez le premier à ajouter un tag!

MARC

LEADER 00000nbm a2200000 4500
001 0311140
005 20251031124845.2
041 0 |a slo 
044 |a SK 
245 1 0 |a Hodnotenie cenového vývoja vybraných produktových kategórií v maloobchode v podmienkach rastúcej inflácie  |b bakalárska práca  |c Debora Kumpanová ; školiteľ: Milan Oreský 
264 1 |a Bratislava  |c 2025 
300 |a 48 s. 
100 1 |a Kumpanová, Debora 
700 1 |a Oreský, Milan, 1956- 
710 2 |a Obchodná fakulta EU. Katedra marketingu